1126 1707 1748 1076 1680 1902 1926 1081 1171 1767 1214 1481 1416 1111 1624 1053 1602 1580 1489 1764 1334 1313 1052 1877 1808 1387 1225 1502 1713 1945 1614 1087 1757 1565 1324 1414 1995 1918 1122 1270 1437 1953 1526 1304 1068 1577 1246 1898 1331 1249 1793 1312 1391 1834 1024 1444 1761 1124 1853 1527 1676 1603 1767 1925 1965 1753 1838 1543 1295 1742 1480 1781 1583 1528 1333 1356 1158 1931 1460 1022 1029 1180 1841 1095 1100 1457 1022 1822 1143 1039 1404 1485 1354 1487 1272 1238 1285 1168 1142 BCNSPRNW ULIB Ver.6.0+V

เปลี่ยนเป็นภาษาไทย

Change to English
 แสดงรายละเอียดบรรณานุกรม
  กลับหน้าหลัก

Brief Record : Get Marc (ISO 2709) : E-mail record : QR code < ปิดหน้าต่าง
LEADER : 00000nam 2200000uu 4500
001    13399115053
003     ULIB
008    110627s2552||||th 000 0 tha d
020    9786167190198
090    นว.^bก316อ ล.1
100 0  กลีบลำดวน
245 00 อโณมายอดรัก เล่ม1/^cกลีบลำดวน
250    พิมพ์ครั้งที่ 1
260    กรุงเทพฯ :^bอินเลิฟ,^c2552
300    278 หน้า
710 1  อินเลิฟ
945    ^p0^l0^i028028
995    ทศพร
999 ^a ใช้งานได้ทุกระบบ
รายการนี้ยังไม่มีแท็ก
คุณยังไม่ได้ล็อกอิน คุณสามารถมีกิจกรรมร่วมกับเว็บไซต์ได้ แต่ต้องล็อกอินก่อน ::
  ล็อกอิน

รายการสื่อสารสนเทศ

ลำดับที่ ประเภท เลขเรียก/บาร์โค้ด สถานที่ สถานะ
1. นวนิยาย
นวนิยาย
นว. ก316อ ล.1 ฉ.1 
  Barcode: 028028
ห้องสมุดวิทยาเขตสวรรค์ประชารักษ์
►นวนิยาย
บนชั้น
  ขอยืม

รายการใกล้เคียง
    ผู้แต่ง [กลีบลำดวน]

BibComment


ยังไม่เคยถูกคอมเมนท์

คอมเมนท์ทรัพยากรรายการนี้
  คอมเมนท์: อโณมายอดรัก เล่ม1..


 Copyright 2026. Bcnsprnw @Library